01083nam a2200241Ia 450000500170000000800410001702000190005808200190007710000280009624500940012425000400021830000270025849000330028550502330031858600360055165000380058765000440062526400490066933600270071833700330074533800280077804000350080620220317001208.0160825s2008 mx g 000 0 spa  a9789681607801204aMe864.44bP19a1 aPaz, Octaviod1914-199813aEl arco y la lirabel poema. La revelación poética. Poesía e historiacOctavio Paz a4a. edición b16a. reimpresión  a307 páginas c22 cm  aLengua y estudios literarios aEl poema: el lenguaje - El ritmo - Verso y prosa - La imágen -- La revelación poética: La otra orilla - La revelación poética - La inspiración -- Poesía e historia: La consagración del instante - El mundo heroico aPremio Nobel de Literatura 1990142LEMBaEnsayos mexicanosySiglo XX142LEMB aPoesía xHistoria y crítica  aMéxicobFondo de Cultura Económicac2008 atextobtxt2rdacontent asin mediaciónbn2rdamedia avolumenbnc2rdacarrier aCO-BoRNBPbspaerdacCO-BoRNBP